A kriptovaluták fizetőeszközként való használata a turisztikai és vendéglátó szolgáltatások esetében

Bibliográfiai részletek
Szerző: Gisz Anna Eszter
További közreműködők: Debreceni Dr. János
Dokumentumtípus: Diplomadolgozat
Kulcsszavak:fizetési módok
kriptovaluta
pénz
turizmus
vendéglátás
Online Access:http://dolgozattar.uni-bge.hu/60099

MARC

LEADER 00000nta a2200000 i 4500
001 dolg60099
005 20260409150005.0
008 260409suuuu hu om 000 hun d
040 |a BGE Dolgozattár Repozitórium  |b hun 
041 |a hu 
100 1 |a Gisz Anna Eszter 
245 1 2 |a A kriptovaluták fizetőeszközként való használata a turisztikai és vendéglátó szolgáltatások esetében  |c Gisz Anna Eszter  |h [elektronikus dokumentum] 
520 3 |a A kriptovaluták megjelenése a turizmus és vendéglátás területén új lehetőségeket kínál mind a szolgáltatók, mind a fogyasztók számára. A dolgozat célja annak feltárása volt, hogyan hat a kriptovalutás fizetési mód bevezetése a vállalkozások működésére és a fogyasztói szokásokra. A dolgozat vizsgálja továbbá a kriptovalutát tartók fizetési szokásait, illetve annak az okát, hogy aki nem tart ilyen eszközt, az miért döntött így.A kutatás kvalitatív és kvantitatív módszerekkel zajlott kérdőív illetve félig-struktúrált interjú formájában. A kutatás rávilágított arra, hogy a tudatos bevezetés és kommunikáció látható változásokat hozhat mind a vállalkozás működésében, mind a fogyasztók viselkedésében. Kiderült továbbá, hogy a kriptovalutát birtoklók tudatosabb, nyitottabb felhasználók, akikgyakrabban vesznek igénybe turisztikai és vendéglátó szolgáltatásokat illetve fizetési módként gyakrabban használják a digitális pénztárcát. Azok, akik nem tartanak kriptovalutát főként azinformációhiány, érdektelenség, illetve biztonsági aggályok miatt döntöttek így. Az eredmények alapján a kriptovaluták szélesebb körű elterjedése reális jövőkép lehet, amelyhez edukáció, átláthatóság és nyitottság szükséges. 
695 |a fizetési módok 
695 |a kriptovaluta 
695 |a pénz 
695 |a turizmus 
695 |a vendéglátás 
700 1 |a Debreceni Dr. János  |e ths 
856 4 0 |u http://dolgozattar.uni-bge.hu/60099/1/Gisz_Anna_szakdolgozat.pdf  |z Dokumentum-elérés 
856 4 0 |u http://dolgozattar.uni-bge.hu/60099/2/250513_GiszAnna_B%C3%ADr%C3%A1lat_bels%C5%91.pdf  |z Dokumentum-elérés 
856 4 0 |u http://dolgozattar.uni-bge.hu/60099/3/Szakdolgozat%20b%C3%ADr%C3%A1lati%20lap%20Gisz%20Anna%20opponens%20K%C3%B3r%C3%B3di%20M%C3%A1rta.pdf  |z Dokumentum-elérés